| Tag |
First Indicator |
Second Indicator |
Subfields |
| LEADER |
00000cam a22000001a 4500 |
| 001 |
in00004100443 |
| 005 |
20200117091350.0 |
| 006 |
m d f |
| 007 |
cr bn mmmapmmp |
| 008 |
110715s2009 dcu o f000 0 eng d |
| 035 |
|
|
|a chdc201001442
|
| 040 |
|
|
|a UMI
|c UMI
|d UtOrBLW
|
| 043 |
|
|
|a a-iq---
|a a-af---
|
| 110 |
1 |
|
|a United States.
|b Congress.
|b Senate.
|b Democratic Policy Committee.
|0 http://id.loc.gov/authorities/names/n85223241
|
| 245 |
1 |
0 |
|a Are burn pits in Iraq and Afghanistan making our soldiers sick.
|
| 264 |
|
1 |
|a Washington :
|b U.S. G.P.O,
|c 2009.
|
| 300 |
|
|
|a 31 pages, digital, PDF file.
|
| 336 |
|
|
|a text
|b txt
|2 rdacontent
|
| 337 |
|
|
|a computer
|b c
|2 rdamedia
|
| 338 |
|
|
|a online resource
|b cr
|2 rdacarrier
|
| 500 |
|
|
|a Record is based on bibliographic data in ProQuest Congressional Hearings Digital Collection. Reuse except for individual research requires license from ProQuest, LLC.
|
| 500 |
|
|
|a "November 6, 2009."
|
| 500 |
|
|
|a Electronic resource.
|
| 533 |
|
|
|a Electronic reproduction.
|b [Bethesda, Md.] :
|c ProQuest,
|d 2010.
|e digital, PDF file.
|n ProQuest U.S. Congressional Hearings Digital Collection.
|n Mode of access: World Wide Web via ProQuest website.
|
| 538 |
|
|
|a System requirements: PDF reader software.
|
| 650 |
|
0 |
|a Hazardous waste sites
|x Health aspects.
|
| 650 |
|
0 |
|a Afghan War, 2001-
|0 http://id.loc.gov/authorities/subjects/sh2004004460
|
| 650 |
|
0 |
|a Iraq War, 2003-2011.
|0 http://id.loc.gov/authorities/subjects/sh2003003059
|
| 650 |
|
0 |
|a Soldiers
|z United States.
|0 http://id.loc.gov/authorities/subjects/sh85124578
|
| 776 |
0 |
8 |
|i Print version:
|a United States. Congress. Senate. Democratic Policy Committee.
|t Are burn pits in Iraq and Afghanistan making our soldiers sick?
|
| 776 |
0 |
8 |
|i Microfiche version:
|a United States. Congress. Senate. Democratic Policy Committee.
|t Are burn pits in Iraq and Afghanistan making our soldiers sick?
|d [Bethesda, Md.] : ProQuest,[2010]
|o CIS 2010 S961-1
|w (ProQuest)cis01003488
|
| 856 |
4 |
0 |
|u http://proxy.library.tamu.edu/login?url=http://search.proquest.com/congcomp/getdoc?HEARING-ID=HRG-2009-DPC-0001
|y Electronic resource (PDF)
|t 0
|
| 998 |
|
|
|a cis01003488
|
| 999 |
f |
f |
|s 04fc4f06-cef1-3eaa-9c3f-d0c9232edf38
|i 40bae5a7-f255-300d-9ac7-d0280170c9c2
|t 0
|
| 952 |
f |
f |
|a Texas A&M University
|b College Station
|c Electronic Resources
|d Available Online
|t 0
|h No information provided
|
| 998 |
f |
f |
|t 0
|l Available Online
|